Double barrelled Australian place names Quiz Stats

Quiz not verified by Sporcle

Challenge
Share
Tweet
Embed
Score 0/11 Timer 10:00
0 Plays Today
% Correct
Wagga Wagga
93.3%
Woy Woy
82%
Baw Baw
79.8%
Walla Walla
78.7%
Nulla Nulla
78.7%
Grong Grong
71.9%
Mitta Mitta
66.3%
Gin Gin
61.8%
Gol Gol
58.4%
Curl Curl
56.2%
Bet Bet
44.9%

You're not logged in!

Compare scores with friends on all Sporcle quizzes.
Join for Free
OR
Log In

You Might Also Like...

Show Comments

Extras

Top Quizzes Today


Score Distribution

Your Account Isn't Verified!

In order to create a playlist on Sporcle, you need to verify the email address you used during registration. Go to your Sporcle Settings to finish the process.

Report this User

Report this user for behavior that violates our Community Guidelines.

Details: